000 00901pam a2200313 i 4500
999 _c5365
_d5365
001 018731313
003 Uk
005 20250909101748.0
008 171205r20182011enk j 000|f|eng|d
020 _a9781405291750 (pbk.)
040 _aStDuBDS
_beng
_cStDuBDS
_dUk
_dKH8
_erda
082 _aFIC MAF
100 1 _aMafi, Tahereh,
_eauthor.
245 1 0 _aShatter me /
_cTahereh Mafi.
264 1 _aLondon :
_bElectric Monkey,
_c2018.
300 _a328 pages ;
_c20 cm.
336 _atext
_2rdacontent
337 _aunmediated
_2rdamedia
338 _avolume
_2rdacarrier
490 0 _aShatter me series
530 _aAlso issued online.
600 1 0 _aFerrars, Juliette
_c(Fictitious character)
_vFiction.
650 _aFantasy
_vfiction
650 _aSocial themes
_vfiction
650 _aEmotions & feelings
655 0 _aFantasy fiction.
655 0 _aYoung adult fiction.
942 _2ddc
_cFIC